[Event "Montreal op"]
[Site "Montreal CAN"]
[Date "2010.09.11"]
[Round "3"]
[White "Barbeau, Sylvain"]
[Black "Auger, Bertrand"]
[Result "1-0"]
[WhiteElo "2342"]
[BlackElo "1960"]
[PlyCount "83"]
[EventDate "2010.09.10"]
[EventType "swiss"]
[EventRounds "5"]
[EventCountry "CAN"]

1. Nf3 Nf6 2. g3 b6 3. Bg2 Bb7 4. c4 e6 5. O-O Be7 6. d4 O-O 7. d5 exd5 8. Nd4
Re8 9. Nf5 Bf8 10. cxd5 Ne4 11. Nc3 Nxc3 12. bxc3 Qf6 13. e4 Na6 14. Be3 Bc5
15. Nd4 d6 16. Qd2 h6 17. Kh1 Re7 18. f3 Kh8 19. Rae1 Rf8 20. Bf2 Nb8 21. f4
Ba6 22. Rg1 Bc8 23. Bf3 g6 24. g4 Qg7 25. g5 h5 26. f5 Qg8 27. f6 Re5 28. Bg3
Rfe8 29. Rg2 Bd7 30. h4 a6 31. Bxe5 dxe5 32. Nb3 Bd6 33. c4 a5 34. c5 Bf8 35.
d6 Ba4 36. Rc1 Nc6 37. Bxh5 gxh5 38. g6 fxg6 39. Rcg1 Qc4 40. Qe3 Nd4 41. Rxg6
Nf5 42. Qf3 1-0

[Event "Montreal op"]
[Site "Montreal CAN"]
[Date "2010.09.11"]
[Round "3"]
[White "Bolduc, Steve"]
[Black "Bouchard, Jean-Marc"]
[Result "1-0"]
[WhiteElo "2281"]
[BlackElo "1771"]
[PlyCount "67"]
[EventDate "2010.09.10"]
[EventType "swiss"]
[EventRounds "5"]
[EventCountry "CAN"]

1. d4 d5 2. Nf3 e6 3. g3 f5 4. Bg2 Nf6 5. O-O Be7 6. b3 O-O 7. c4 c6 8. Bb2 Bd7
9. Qc2 h6 10. Ne5 Qe8 11. Nd2 Qh5 12. f3 Na6 13. Rae1 Rad8 14. e4 Rfe8 15. a3
Nc7 16. Rf2 Bf8 17. Rfe2 g5 18. Nxd7 Rxd7 19. exf5 exf5 20. Qxf5 Rxe2 21. Rxe2
Qf7 22. Bf1 Nce8 23. Qe6 Qxe6 24. Rxe6 Kf7 25. Re1 c5 26. cxd5 cxd4 27. Bb5 Rc7
28. Nc4 Bd6 29. Bxd4 a6 30. Bxe8+ Nxe8 31. Rxe8 Kxe8 32. Nxd6+ Ke7 33. Ne4 Rc2
34. Bc5+ 1-0

[Event "Montreal op"]
[Site "Montreal CAN"]
[Date "2010.09.11"]
[Round "3"]
[White "Chabot, Roland"]
[Black "Desjardins, Michel"]
[Result "1/2-1/2"]
[WhiteElo "1957"]
[BlackElo "2203"]
[PlyCount "59"]
[EventDate "2010.09.10"]
[EventType "swiss"]
[EventRounds "5"]
[EventCountry "CAN"]

1. d4 d5 2. e3 Bf5 3. c4 c6 4. Nc3 e6 5. Nf3 Bd6 6. Bd2 Nd7 7. Qb3 b6 8. cxd5
exd5 9. Ba6 Rb8 10. a4 Ne7 11. e4 dxe4 12. Ng5 Bg6 13. Ngxe4 Bc7 14. O-O h6 15.
Qa3 O-O 16. Rfe1 Nf5 17. Be3 Re8 18. Nd2 Nf6 19. Nf3 Ng4 20. Na2 Nfxe3 21. fxe3
Be4 22. Re2 Qf6 23. Rf1 Qg6 24. h3 Bxf3 25. Rxf3 Nf6 26. Bd3 Ne4 27. Nc3 f5 28.
Qb3+ Kh8 29. Bxe4 fxe4 30. Qf7 1/2-1/2

[Event "Montreal op"]
[Site "Montreal CAN"]
[Date "2010.09.11"]
[Round "3"]
[White "Gauthier, Denis"]
[Black "Galbadrakh, Enkh-Amar"]
[Result "1/2-1/2"]
[WhiteElo "1941"]
[BlackElo "2206"]
[PlyCount "113"]
[EventDate "2010.09.10"]
[EventType "swiss"]
[EventRounds "5"]
[EventCountry "CAN"]

1. d4 Nf6 2. c4 e6 3. Nf3 b6 4. a3 Bb7 5. Nc3 d5 6. cxd5 exd5 7. Bg5 Be7 8.
Qa4+ c6 9. Bxf6 Bxf6 10. e3 O-O 11. Bd3 Nd7 12. Qc2 g6 13. b4 c5 14. bxc5 bxc5
15. Rb1 Bc6 16. O-O c4 17. Be2 Qe7 18. Bxc4 dxc4 19. d5 Qc5 20. dxc6 Qxc6 21.
Rfd1 Nb6 22. Nd4 Qc7 23. a4 Rad8 24. Ndb5 Qe5 25. Ne4 Rxd1+ 26. Rxd1 a6 27. Nd4
Bg7 28. Nc6 Qb2 29. Qxb2 Bxb2 30. a5 Na4 31. Nb4 Ra8 32. Kf1 Nc3 33. Nxc3 Bxc3
34. Nc6 Bf6 35. Rc1 c3 36. Nd4 Rc8 37. Ke2 Be7 38. Kd3 Bb4 39. Rb1 Bxa5 40. Ra1
Bc7 41. Rxa6 Bxh2 42. Rc6 Rxc6 43. Nxc6 Bg1 44. f3 c2 45. Kxc2 Bxe3 46. Kd3 Bc5
47. Ke4 Kg7 48. f4 Kf6 49. Ne5 Ke6 50. Nf3 h6 51. Nh4 f5+ 52. Kf3 g5 53. Ng6
Bd6 54. g4 Kf6 55. gxf5 Kxf5 56. fxg5 hxg5 57. Nh4+ 1/2-1/2

[Event "Montreal op"]
[Site "Montreal CAN"]
[Date "2010.09.11"]
[Round "3"]
[White "Gras, Guillaume"]
[Black "Jiang, Louie"]
[Result "1-0"]
[WhiteElo "2076"]
[BlackElo "2348"]
[PlyCount "69"]
[EventDate "2010.09.10"]
[EventType "swiss"]
[EventRounds "5"]
[EventCountry "CAN"]

1. e4 c5 2. Nc3 e6 3. Nf3 a6 4. d4 b5 5. d5 Bb7 6. Bg5 Qa5 7. Be2 h6 8. Bh4 g5
9. Bg3 Bg7 10. O-O b4 11. Nb1 Bxb2 12. dxe6 dxe6 13. Nbd2 Bxa1 14. Qxa1 f6 15.
Nc4 Qa4 16. Nd6+ Ke7 17. Nxb7 Nd7 18. Bd6+ Kf7 19. e5 f5 20. Ne1 Rc8 21. Bc4
Qc6 22. Na5 Qb6 23. Nb3 Ne7 24. Qd1 g4 25. f3 Rhd8 26. Nd3 Nd5 27. Qe1 Rg8 28.
Kh1 gxf3 29. Rxf3 Qc6 30. Qh4 Rg5 31. Rg3 Ne3 32. Bxe6+ Kxe6 33. Nf4+ Kf7 34.
Rxg5 Nf6 35. Rg7+ 1-0

[Event "Montreal op"]
[Site "Montreal CAN"]
[Date "2010.09.11"]
[Round "3"]
[White "Guo, Forest"]
[Black "Ramaswamy, Kishor"]
[Result "0-1"]
[WhiteElo "1864"]
[BlackElo "2173"]
[PlyCount "74"]
[EventDate "2010.09.10"]
[EventType "swiss"]
[EventRounds "5"]
[EventCountry "CAN"]

1. e4 c6 2. d4 d5 3. exd5 cxd5 4. c4 Nf6 5. Nc3 e6 6. Bg5 Bb4 7. Qa4+ Nc6 8.
Nf3 Bd7 9. Qb3 O-O 10. Bd3 dxc4 11. Bxc4 Bxc3+ 12. bxc3 Na5 13. Qb4 Nxc4 14.
Qxc4 Rc8 15. Qd3 Qa5 16. Bd2 Qd5 17. Rb1 a6 18. O-O Bb5 19. Rxb5 Qxb5 20. Qxb5
axb5 21. Rb1 Ne4 22. Rxb5 Nxd2 23. Nxd2 Rxc3 24. Rxb7 Rd3 25. Nf1 Rxd4 26. Ra7
Rb8 27. a4 g6 28. g3 Rb2 29. a5 Ra2 30. Kg2 Rda4 31. h4 Rxa5 32. Rxa5 Rxa5 33.
f4 Kg7 34. g4 Ra2+ 35. Kf3 Ra3+ 36. Ne3 h6 37. g5 h5 0-1

[Event "Montreal op"]
[Site "Montreal CAN"]
[Date "2010.09.11"]
[Round "3"]
[White "Larochelle, Martial"]
[Black "Sarrazin-Gendron, Roman"]
[Result "1/2-1/2"]
[WhiteElo "2218"]
[BlackElo "2018"]
[PlyCount "70"]
[EventDate "2010.09.10"]
[EventType "swiss"]
[EventRounds "5"]
[EventCountry "CAN"]

1. d4 Nf6 2. Nf3 g6 3. Nc3 Bg7 4. e4 d6 5. h3 c5 6. d5 O-O 7. a4 e6 8. Be2 exd5
9. exd5 b6 10. O-O a6 11. Bf4 Ra7 12. Nd2 Re7 13. Nc4 Ne8 14. Qd2 Qc7 15. Bf3
Nd7 16. Rfe1 Ne5 17. Be2 Bd7 18. Na3 Bc8 19. Rab1 Nf6 20. Bg5 Rfe8 21. Red1
Ned7 22. Bd3 Ne5 23. Qf4 Nxd3 24. cxd3 Nh5 25. Qh4 f6 26. Bd2 f5 27. Bg5 Rf7
28. Re1 Rxe1+ 29. Rxe1 Nf6 30. Nc4 Bd7 31. Bf4 Bf8 32. Re6 Ne8 33. Qg3 Bxe6 34.
dxe6 Re7 35. Nxd6 Qc6 1/2-1/2

[Event "Montreal op"]
[Site "Montreal CAN"]
[Date "2010.09.11"]
[Round "3"]
[White "Libersan, Thierry"]
[Black "Clyde, Jordan"]
[Result "0-1"]
[WhiteElo "2141"]
[BlackElo "1925"]
[PlyCount "72"]
[EventDate "2010.09.10"]
[EventType "swiss"]
[EventRounds "5"]
[EventCountry "CAN"]

1. e4 g6 2. d4 Bg7 3. c4 d6 4. Nc3 Nf6 5. f3 Nbd7 6. Be3 e5 7. Nge2 c6 8. Qd2
Qe7 9. O-O-O b6 10. g4 Bb7 11. g5 Nh5 12. Ng3 Nxg3 13. hxg3 O-O-O 14. Bh3 Kc7
15. Bxd7 Rxd7 16. d5 c5 17. Rh3 f5 18. exf5 gxf5 19. Rdh1 Qf7 20. Rxh7 Rxh7 21.
Rxh7 f4 22. Bg1 fxg3 23. Qe3 e4 24. Rxg7 Qxg7 25. Nxe4 Re7 26. Qf4 Qe5 27. Qxe5
Rxe5 28. Kd2 b5 29. b3 bxc4 30. bxc4 Ba6 31. Ke3 Bxc4 32. Kf4 Bxd5 33. Nxc5 Re1
34. Na6+ Kd7 35. Bxa7 g2 36. Nb4 Bc4 0-1

[Event "Montreal op"]
[Site "Montreal CAN"]
[Date "2010.09.11"]
[Round "3"]
[White "MacIsaac, Alexandre"]
[Black "Hajiyev, Elshad"]
[Result "0-1"]
[WhiteElo "1675"]
[BlackElo "2107"]
[PlyCount "40"]
[EventDate "2010.09.10"]
[EventType "swiss"]
[EventRounds "5"]
[EventCountry "CAN"]

1. e4 c5 2. Nf3 Nc6 3. d4 cxd4 4. Nxd4 Nf6 5. Nc3 e5 6. Nf3 Bb4 7. Bd3 d5 8.
exd5 Qxd5 9. Qe2 Bxc3+ 10. bxc3 O-O 11. Bc4 Qa5 12. O-O e4 13. Ng5 Qxc3 14. Bf4
Nd4 15. Bxf7+ Rxf7 16. Qd1 Bg4 17. f3 Rd7 18. Bd2 Ne2+ 19. Qxe2 Rxd2 20. Nxe4
Qd4+ 0-1

[Event "Montreal op"]
[Site "Montreal CAN"]
[Date "2010.09.11"]
[Round "3"]
[White "Miron, Francois"]
[Black "Leveille, Francois"]
[Result "0-1"]
[WhiteElo "1990"]
[BlackElo "2283"]
[PlyCount "78"]
[EventDate "2010.09.10"]
[EventType "swiss"]
[EventRounds "5"]
[EventCountry "CAN"]

1. e4 g6 2. Nc3 Bg7 3. Bc4 d6 4. d3 e6 5. Nf3 Ne7 6. Bg5 h6 7. Bh4 a6 8. a4 b6
9. O-O Nd7 10. Qd2 O-O 11. Rfe1 g5 12. Bg3 Ng6 13. h3 Kh7 14. d4 Nf6 15. Rad1
Nh5 16. Bh2 f5 17. d5 Bxc3 18. Qxc3 e5 19. exf5 Bxf5 20. g4 Ngf4 21. gxf5 Nxh3+
22. Kf1 g4 23. Ng1 N3f4 24. Bg3 Rxf5 25. Bxf4 Rxf4 26. Bd3+ Kg8 27. Ke2 Qg5 28.
Rf1 Raf8 29. Rd2 Ng3+ 30. Ke1 Nxf1 31. Bxf1 Qf6 32. Qe3 Rxa4 33. Be2 Re4 34.
Qg3 h5 35. f3 h4 36. Qg2 h3 37. Qg3 h2 38. Qxh2 gxf3 39. Qg3+ Qg7 0-1

[Event "Montreal op"]
[Site "Montreal CAN"]
[Date "2010.09.11"]
[Round "3"]
[White "Rousseau, Daniel"]
[Black "Lepine, Cedric"]
[Result "1-0"]
[WhiteElo "2169"]
[BlackElo "1881"]
[PlyCount "63"]
[EventDate "2010.09.10"]
[EventType "swiss"]
[EventRounds "5"]
[EventCountry "CAN"]

1. e4 Nf6 2. e5 Nd5 3. d4 d6 4. Nf3 Bg4 5. c4 Nb6 6. exd6 cxd6 7. Nc3 Nc6 8.
Be3 e6 9. h3 Bh5 10. d5 Ne5 11. g4 Bg6 12. dxe6 fxe6 13. Nd4 Qc8 14. Rc1 Be7
15. Be2 O-O 16. b3 Nc6 17. Ndb5 Qd7 18. O-O e5 19. Qd2 Rad8 20. Nxa7 Nc8 21.
Nab5 e4 22. Qd5+ Kh8 23. a3 Bh4 24. Rcd1 Qe7 25. c5 dxc5 26. Qxc5 Rxd1 27. Bxd1
Qf6 28. Nd5 Qd8 29. Be2 Ne5 30. Nf4 Nd3 31. Bxd3 exd3 32. Ne6 1-0

[Event "Montreal op"]
[Site "Montreal CAN"]
[Date "2010.09.11"]
[Round "3"]
[White "Roy, Myriam"]
[Black "Gagnon, Serge"]
[Result "0-1"]
[WhiteElo "1851"]
[BlackElo "2144"]
[PlyCount "59"]
[EventDate "2010.09.10"]
[EventType "swiss"]
[EventRounds "5"]
[EventCountry "CAN"]

1. e4 d6 2. d4 Nf6 3. Nc3 g6 4. f4 Bg7 5. Nf3 O-O 6. Bd3 Nc6 7. h3 e5 8. fxe5
dxe5 9. d5 Nd4 10. O-O c6 11. Bg5 Nxf3+ 12. Qxf3 Qb6+ 13. Kh1 Qxb2 14. Na4 Qd4
15. Bxf6 Bxf6 16. Qxf6 cxd5 17. exd5 Qxa4 18. Qxe5 Bd7 19. Qc7 Rfc8 20. Qd6 Be8
21. c4 Rd8 22. Qe5 Rac8 23. d6 Qa3 24. Be4 Qxd6 25. Qa5 Qc5 26. Qxc5 Rxc5 27.
Bd5 b5 28. Rad1 Kg7 29. Rc1 Rdc8 30. Rf4 0-1

[Event "Montreal op"]
[Site "Montreal CAN"]
[Date "2010.09.11"]
[Round "3"]
[White "Yuan, Yuanling"]
[Black "Robichaud, Louis"]
[Result "1-0"]
[WhiteElo "2363"]
[BlackElo "2048"]
[PlyCount "63"]
[EventDate "2010.09.10"]
[EventType "swiss"]
[EventRounds "5"]
[EventCountry "CAN"]

1. e4 e5 2. Nf3 Nc6 3. Nc3 Bc5 4. Nxe5 Nxe5 5. d4 Bd6 6. dxe5 Bxe5 7. Bd3 Nf6
8. f4 Bxc3+ 9. bxc3 d6 10. O-O O-O 11. Qf3 Bd7 12. c4 Bc6 13. Bb2 Nd7 14. Qg4
f6 15. Rf3 Qe7 16. Rh3 Nc5 17. Qh4 h6 18. e5 dxe5 19. fxe5 Nd7 20. Re1 Rae8 21.
Ba3 Nc5 22. Qg3 f5 23. Rxh6 Be4 24. Bxe4 fxe4 25. e6 Qd6 26. Qg6 Rxe6 27. Qh7+
Kf7 28. Rxe6 Qd4+ 29. Kh1 Kxe6 30. Bxc5 Qxc5 31. Qxe4+ Kf7 32. Qe6# 1-0

[Event "Montreal op"]
[Site "Montreal CAN"]
[Date "2010.09.11"]
[Round "3"]
[White "Zhu, Hong Rui"]
[Black "Qin, Zi Yi (Joey)"]
[Result "0-1"]
[WhiteElo "1931"]
[BlackElo "2176"]
[PlyCount "70"]
[EventDate "2010.09.10"]
[EventType "swiss"]
[EventRounds "5"]
[EventCountry "CAN"]

1. e4 c5 2. Nf3 d6 3. d4 cxd4 4. Nxd4 Nf6 5. Nc3 a6 6. Be2 e5 7. Nb3 Be7 8. O-O
O-O 9. Be3 Be6 10. f4 exf4 11. Rxf4 Nc6 12. Nd4 Nxd4 13. Qxd4 Rc8 14. Raf1 Ne8
15. Qd3 Bf6 16. Bd4 Be5 17. R4f3 Nf6 18. Nd5 Bxd5 19. exd5 Nxd5 20. Rh3 h6 21.
Be3 Nxe3 22. Qxe3 Bxb2 23. Bd3 Qe8 24. Qf3 Rc5 25. Qg4 Qe5 26. Kh1 Kh8 27. Rg3
f5 28. Rgf3 Qd4 29. Rxf5 Rfxf5 30. Rxf5 Qxd3 31. Rf8+ Kh7 32. h4 Rxc2 33. h5
Rc1+ 34. Kh2 Be5+ 35. g3 Qd2+ 0-1

[Event "Montreal op"]
[Site "Montreal CAN"]
[Date "2010.09.12"]
[Round "4"]
[White "Bolduc, Steve"]
[Black "Yuan, Yuanling"]
[Result "1-0"]
[WhiteElo "2281"]
[BlackElo "2363"]
[PlyCount "79"]
[EventDate "2010.09.10"]
[EventType "swiss"]
[EventRounds "5"]
[EventCountry "CAN"]

1. d4 Nf6 2. Nf3 g6 3. Nc3 Bg7 4. e4 d6 5. h3 c6 6. a4 Qc7 7. Be3 Nbd7 8. Qd2
h5 9. Be2 e5 10. O-O O-O 11. Rad1 a6 12. Ng5 b5 13. f4 Bb7 14. dxe5 dxe5 15. f5
Rfe8 16. fxg6 fxg6 17. Qd6 Qxd6 18. Rxd6 Re7 19. b4 Rae8 20. a5 Bh8 21. Bd3 Kg7
22. Nb1 Rg8 23. Nd2 Rc8 24. Nb3 Ne8 25. Re6 Rxe6 26. Nxe6+ Kg8 27. Nbc5 Nxc5
28. Bxc5 Bf6 29. c3 Kf7 30. Ng5+ Kg8 31. Bc2 Rc7 32. Bb3+ Kh8 33. Ne6 Rd7 34.
Nf8 Rg7 35. Be6 Bd8 36. Bf7 Nc7 37. Nxg6+ Kh7 38. Nf8+ Kh6 39. Be3+ Bg5 40.
Rf6+ 1-0

[Event "Montreal op"]
[Site "Montreal CAN"]
[Date "2010.09.12"]
[Round "4"]
[White "Corriveau, Philippe"]
[Black "Larochelle, Martial"]
[Result "0-1"]
[WhiteElo "2001"]
[BlackElo "2218"]
[PlyCount "68"]
[EventDate "2010.09.10"]
[EventType "swiss"]
[EventRounds "5"]
[EventCountry "CAN"]

1. e4 c5 2. Nc3 d6 3. g3 Nc6 4. Bg2 g6 5. d3 Bg7 6. Be3 Nf6 7. h3 e5 8. Nge2
Nd4 9. O-O O-O 10. f4 Nh5 11. Kh2 exf4 12. Nxf4 Nxf4 13. Bxf4 Be6 14. Qd2 Qd7
15. Nd5 Bxd5 16. exd5 b5 17. c3 Nf5 18. Be4 Ne7 19. g4 f5 20. gxf5 Nxf5 21.
Rae1 Rae8 22. Bxf5 Rxf5 23. Bg3 Rxd5 24. Re3 Rxe3 25. Qxe3 Be5 26. Qe4 Bxg3+
27. Kxg3 Re5 28. Qf3 Qe7 29. Kg2 Kg7 30. Rf2 Rf5 31. Qc6 Qg5+ 32. Kf1 Qc1+ 33.
Kg2 Rg5+ 34. Kf3 Qh1+ 0-1

[Event "Montreal op"]
[Site "Montreal CAN"]
[Date "2010.09.12"]
[Round "4"]
[White "Gagnon, Serge"]
[Black "Rainfray, Arnaud"]
[Result "0-1"]
[WhiteElo "2144"]
[BlackElo "2408"]
[PlyCount "44"]
[EventDate "2010.09.10"]
[EventType "swiss"]
[EventRounds "5"]
[EventCountry "CAN"]

1. d4 d5 2. c4 e6 3. Nc3 Bb4 4. e3 c5 5. cxd5 exd5 6. dxc5 Nf6 7. Bb5+ Nc6 8.
Bxc6+ bxc6 9. Qa4 Bxc3+ 10. bxc3 O-O 11. Ne2 Qc7 12. Ba3 Re8 13. Nd4 Bd7 14. c4
Ng4 15. cxd5 Nxe3 16. d6 Nxg2+ 17. Kf1 Qd8 18. h4 Nf4 19. Bc1 Qf6 20. Bxf4 Qxf4
21. Qc4 Bg4 22. Qd3 Re4 0-1

[Event "Montreal op"]
[Site "Montreal CAN"]
[Date "2010.09.12"]
[Round "4"]
[White "Galbadrakh, Enkh-Amar"]
[Black "Forget, David"]
[Result "1-0"]
[WhiteElo "2206"]
[BlackElo "1925"]
[PlyCount "57"]
[EventDate "2010.09.10"]
[EventType "swiss"]
[EventRounds "5"]
[EventCountry "CAN"]

1. Nf3 d5 2. d4 c6 3. c4 dxc4 4. Nc3 e6 5. e3 b5 6. a4 Bb4 7. Be2 Nd7 8. O-O
Ngf6 9. axb5 cxb5 10. Nxb5 Nb6 11. Ne5 Bb7 12. Nxc4 O-O 13. Ne5 a6 14. Nc3 Bxc3
15. bxc3 Rc8 16. c4 Ne4 17. Qb3 Ng5 18. f4 Ne4 19. Rb1 Re8 20. Qxb6 Nc3 21.
Qxd8 Nxe2+ 22. Kf2 Rexd8 23. Kxe2 f6 24. Nf3 Rxc4 25. Bd2 e5 26. fxe5 Bxf3+ 27.
gxf3 fxe5 28. Kd3 Ra4 29. Ra1 1-0

[Event "Montreal op"]
[Site "Montreal CAN"]
[Date "2010.09.12"]
[Round "4"]
[White "Gras, Guillaume"]
[Black "Lenderman, Alex"]
[Result "0-1"]
[WhiteElo "2076"]
[BlackElo "2608"]
[PlyCount "38"]
[EventDate "2010.09.10"]
[EventType "swiss"]
[EventRounds "5"]
[EventCountry "CAN"]

1. e4 c5 2. Nf3 g6 3. c3 Bg7 4. d4 cxd4 5. cxd4 d5 6. e5 Nh6 7. Nc3 O-O 8. Bf4
Bg4 9. Qb3 Bxf3 10. gxf3 Nc6 11. Qxb7 Nxd4 12. O-O-O Nhf5 13. Qxd5 Qb6 14. Bd3
Rab8 15. Rd2 Ne6 16. Bg3 Bh6 17. Bxf5 Qxb2+ 18. Kd1 Qxc3 19. Bxe6 fxe6 0-1

[Event "Montreal op"]
[Site "Montreal CAN"]
[Date "2010.09.12"]
[Round "4"]
[White "Khashper, Arkady"]
[Black "Barbeau, Sylvain"]
[Result "1-0"]
[WhiteElo "2118"]
[BlackElo "2342"]
[PlyCount "127"]
[EventDate "2010.09.10"]
[EventType "swiss"]
[EventRounds "5"]
[EventCountry "CAN"]

1. e4 e5 2. Nc3 Nf6 3. Bc4 Nc6 4. d3 Na5 5. Nge2 c6 6. a4 Nxc4 7. dxc4 Bc5 8.
Ng3 d6 9. Qd3 Be6 10. O-O a5 11. b3 Qb6 12. Ba3 Bxa3 13. Rxa3 Rd8 14. Raa1 O-O
15. Rfe1 Qb4 16. Qf3 Rfe8 17. h3 Nd7 18. Rad1 Nf8 19. Re3 Rd7 20. Red3 Red8 21.
R1d2 f6 22. Nd1 Bf7 23. Ne3 Ne6 24. Rd1 Nf4 25. R3d2 g6 26. Ne2 Nh5 27. g4 Ng7
28. Qxf6 Be6 29. Rd3 Rf8 30. Qh4 Ne8 31. Ng3 Rdf7 32. R1d2 Qc5 33. Kg2 Rf6 34.
Ngf1 Bc8 35. Nh2 Kh8 36. Nd1 Nc7 37. Rf3 Kg7 38. Rxf6 Rxf6 39. Qg3 Ne6 40. Qe3
Qxe3 41. Nxe3 Kf8 42. Kg3 Ke7 43. h4 Rf7 44. f3 Kd7 45. c5 Nxc5 46. Nc4 Kc7 47.
Nxd6 Re7 48. Nc4 b6 49. Nf1 Ba6 50. Nfe3 Nb7 51. Rh2 Bxc4 52. Nxc4 Nd6 53. Ne3
Nf7 54. Rd2 Nd6 55. g5 Nb7 56. Rh2 Nc5 57. h5 Ne6 58. hxg6 hxg6 59. Rh6 Nf4 60.
Nc4 Ne2+ 61. Kg4 Nd4 62. Rxg6 Nxc2 63. Rh6 Nd4 64. g6 1-0

[Event "Montreal op"]
[Site "Montreal CAN"]
[Date "2010.09.12"]
[Round "4"]
[White "Laurain, Guy"]
[Black "Gauthier, Denis"]
[Result "0-1"]
[WhiteElo "2105"]
[BlackElo "1941"]
[PlyCount "40"]
[EventDate "2010.09.10"]
[EventType "swiss"]
[EventRounds "5"]
[EventCountry "CAN"]

1. e4 c5 2. Nf3 Nc6 3. d4 cxd4 4. Nxd4 e6 5. Nc3 Qc7 6. Be3 Nf6 7. a3 a6 8. Be2
Be7 9. O-O O-O 10. f4 d6 11. Bf3 Bd7 12. Nce2 Rac8 13. Nb3 b5 14. Qe1 a5 15.
Nc3 Rb8 16. Qe2 a4 17. Nd4 Nxd4 18. Bxd4 b4 19. axb4 Rxb4 20. Qe3 e5 0-1

[Event "Montreal op"]
[Site "Montreal CAN"]
[Date "2010.09.12"]
[Round "4"]
[White "Lepine, Cedric"]
[Black "Chiffot, Nicolas"]
[Result "1/2-1/2"]
[WhiteElo "1881"]
[BlackElo "2074"]
[PlyCount "77"]
[EventDate "2010.09.10"]
[EventType "swiss"]
[EventRounds "5"]
[EventCountry "CAN"]

1. d4 Nf6 2. c4 g6 3. Nc3 d5 4. cxd5 Nxd5 5. e4 Nxc3 6. bxc3 Bg7 7. Be3 O-O 8.
Qd2 c5 9. Bc4 Nc6 10. Ne2 Qc7 11. Bd5 Rd8 12. O-O e6 13. Bxc6 Qxc6 14. f3 b6
15. Rfd1 Ba6 16. Rac1 Qa4 17. Qc2 Qc4 18. Kf2 Rac8 19. Qb2 Qxe2+ 20. Qxe2 Bxe2
21. Kxe2 cxd4 22. Bxd4 Bxd4 23. cxd4 Rxc1 24. Rxc1 Rxd4 25. Rc3 Ra4 26. a3 b5
27. Kd3 b4 28. axb4 Rxb4 29. Ra3 Rb2 30. g4 Rb7 31. h4 e5 32. g5 Kg7 33. Kc4
Rd7 34. Ra5 Rc7+ 35. Kd5 Rc3 36. Kxe5 Rxf3 37. Rxa7 h6 38. Kd4 Rf4 39. Kd5
1/2-1/2

[Event "Montreal op"]
[Site "Montreal CAN"]
[Date "2010.09.12"]
[Round "4"]
[White "Leveille, Francois"]
[Black "Rousseau, Daniel"]
[Result "0-1"]
[WhiteElo "2283"]
[BlackElo "2169"]
[PlyCount "88"]
[EventDate "2010.09.10"]
[EventType "swiss"]
[EventRounds "5"]
[EventCountry "CAN"]

1. d4 Nf6 2. c4 g6 3. Nc3 Bg7 4. e4 d6 5. f3 O-O 6. Be3 e5 7. d5 c6 8. Qd2 a6
9. O-O-O cxd5 10. Nxd5 Nxd5 11. Qxd5 Nc6 12. Qxd6 Qa5 13. Qa3 Qxa3 14. bxa3 Be6
15. Bb6 Rac8 16. Kb2 Nd4 17. Ne2 Rc6 18. c5 Rfc8 19. Nxd4 exd4 20. Bd3 Bf8 21.
Rc1 Bxc5 22. Bxc5 Rxc5 23. Rxc5 Rxc5 24. Rd1 Rc3 25. Rd2 Kg7 26. Bc2 Re3 27.
Bd1 Kf6 28. Rxd4 Ke5 29. Rd2 h5 30. h4 Kf4 31. a4 Kg3 32. a5 Kxh4 33. Bb3 Kg3
34. Bd5 h4 35. Bxb7 Bc4 36. f4 Kxf4 37. Bd5 Re2 38. Rxe2 Bxe2 39. Bxf7 g5 40.
Kc3 g4 41. Be6 h3 42. Bxg4 h2 43. Bxe2 h1=Q 44. Bxa6 Qe1+ 0-1

[Event "Montreal op"]
[Site "Montreal CAN"]
[Date "2010.09.12"]
[Round "4"]
[White "Qin, Zi Yi (Joey)"]
[Black "Leutschaft, Martin"]
[Result "1/2-1/2"]
[WhiteElo "2176"]
[BlackElo "2121"]
[PlyCount "103"]
[EventDate "2010.09.10"]
[EventType "swiss"]
[EventRounds "5"]
[EventCountry "CAN"]

1. e4 c6 2. d4 d5 3. exd5 cxd5 4. c4 Nf6 5. Nc3 Nc6 6. Bg5 e6 7. Nf3 Be7 8. Bd3
O-O 9. O-O Nb4 10. Be2 dxc4 11. Bxc4 b6 12. Ne5 Bb7 13. Re1 Nbd5 14. Qd3 Nxc3
15. bxc3 Nd5 16. Bd2 Bg5 17. Bb3 Bxd2 18. Qxd2 Qh4 19. Rac1 Nf4 20. f3 Qg5 21.
Kh1 h6 22. a4 Rfd8 23. g3 Nd5 24. Qe2 Rac8 25. c4 Ne7 26. Rcd1 Nf5 27. d5 exd5
28. cxd5 Nd6 29. Bc2 Re8 30. f4 Qf6 31. Qd3 g6 32. Bb1 Kg7 33. Rc1 Qe6 34. Ba2
Qf5 35. Qd4 f6 36. Nc6 Re4 37. Rxe4 Qxe4+ 38. Qxe4 Nxe4 39. Re1 f5 40. Rc1 Kf6
41. Kg1 g5 42. Kf1 Bxc6 43. Rxc6+ Rxc6 44. dxc6 Ke7 45. fxg5 hxg5 46. c7 Kd7
47. Be6+ Kxc7 48. Bxf5 Nc5 49. Bc2 Kd6 50. Kf2 Ke5 51. Ke3 a6 52. h4 1/2-1/2

[Event "Montreal op"]
[Site "Montreal CAN"]
[Date "2010.09.12"]
[Round "4"]
[White "Ramaswamy, Kishor"]
[Black "Robichaud, Louis"]
[Result "1-0"]
[WhiteElo "2173"]
[BlackElo "2048"]
[PlyCount "55"]
[EventDate "2010.09.10"]
[EventType "swiss"]
[EventRounds "5"]
[EventCountry "CAN"]

1. d4 Nf6 2. Nf3 g6 3. Bg5 Bg7 4. Nbd2 O-O 5. c3 d6 6. e4 h6 7. Bh4 Qe8 8. Be2
Nbd7 9. O-O e5 10. dxe5 dxe5 11. Qc2 Nb6 12. Rfe1 Qe7 13. Nf1 Re8 14. Ne3 c6
15. Rad1 a5 16. Nd2 Be6 17. a4 Qc5 18. Bf1 Nh5 19. f3 Nd7 20. Bc4 Bf6 21. Bf2
Qe7 22. Bxe6 Qxe6 23. Ndc4 b5 24. axb5 cxb5 25. Rd6 Qe7 26. Nd5 Qf8 27. Rxd7
bxc4 28. g4 1-0

[Event "Montreal op"]
[Site "Montreal CAN"]
[Date "2010.09.12"]
[Round "4"]
[White "Sambuev, Bator"]
[Black "Gerzhoy, Leonid"]
[Result "1/2-1/2"]
[WhiteElo "2640"]
[BlackElo "2450"]
[PlyCount "79"]
[EventDate "2010.09.10"]
[EventType "swiss"]
[EventRounds "5"]
[EventCountry "CAN"]

1. d4 Nf6 2. c4 e6 3. Nc3 Bb4 4. e3 c5 5. Nf3 Nc6 6. Bd3 Bxc3+ 7. bxc3 d6 8.
O-O e5 9. Ng5 O-O 10. d5 Ne7 11. f4 exf4 12. Qc2 h6 13. Nf3 fxe3 14. Bxe3 Ng4
15. Rae1 Ng6 16. Bc1 f5 17. h3 N4e5 18. Nxe5 Nxe5 19. Bf4 Qf6 20. Bxe5 dxe5 21.
Qe2 e4 22. Bxe4 Qxc3 23. Bf3 Bd7 24. Bh5 Qd4+ 25. Kh1 Qf6 26. Qf2 Qd6 27. Qb2
b6 28. Re5 g6 29. Bf3 Rae8 30. Rxe8 Rxe8 31. Qa3 a5 32. Qb2 g5 33. Be2 Re3 34.
Bh5 f4 35. Qc2 Bxh3 36. gxh3 Rxh3+ 37. Kg1 Rxh5 38. Qf5 f3 39. Qc8+ Kg7 40.
Qb7+ 1/2-1/2

[Event "Montreal op"]
[Site "Montreal CAN"]
[Date "2010.09.12"]
[Round "4"]
[White "Sarrazin-Gendron, Roman"]
[Black "Desjardins, Michel"]
[Result "1/2-1/2"]
[WhiteElo "2018"]
[BlackElo "1957"]
[PlyCount "78"]
[EventDate "2010.09.10"]
[EventType "swiss"]
[EventRounds "5"]
[EventCountry "CAN"]

1. Nf3 d5 2. c4 d4 3. e3 c5 4. exd4 cxd4 5. d3 Nc6 6. g3 e5 7. Bg2 Bd6 8. O-O
Nf6 9. Bg5 O-O 10. a3 a5 11. b3 h6 12. Bxf6 Qxf6 13. Nbd2 Qe7 14. Qc1 Bf5 15.
Ne1 Rac8 16. Ne4 Bxe4 17. Bxe4 f5 18. Bd5+ Kh8 19. Nf3 b6 20. Re1 Qf6 21. Nd2
Ne7 22. Bg2 g5 23. Qb2 Nc6 24. Re2 g4 25. h4 Kg7 26. b4 e4 27. dxe4 Be5 28.
exf5 d3 29. Rxe5 Nxe5 30. Qa2 Nxc4 31. Nxc4 Rxc4 32. Qxc4 Qxa1+ 33. Kh2 d2 34.
Qxg4+ Kh8 35. Bf3 Rd8 36. Qh5 Qf6 37. Bd1 axb4 38. axb4 Rd5 39. Bc2 Rd8 1/2-1/2